Disc of Sabu : steam machine
محفوظ في:
المؤلف الرئيسي:
التنسيق: كتاب
اللغة: Undetermined
منشور في:
Tblisi
Gizo Vashakidze,
2014
الموضوعات:
الوسوم: إضافة وسم
لا توجد وسوم, كن أول من يضع وسما على هذه التسجيلة!
رقم الطلب:
| LEADER | 00478nam a2200169Ia 4500 | ||
|---|---|---|---|
| 008 | 240503s9999||||xx |||||||||||||| ||und|| | ||
| 020 | |a 9789941065781 | ||
| 100 | 1 | |a Gizo Vashakidze | |
| 245 | 1 | 0 | |a Disc of Sabu : steam machine |
| 264 | 1 | |a Tblisi |b Gizo Vashakidze, |c 2014 | |
| 300 | |a 29 |c 20 | ||
| 650 | 4 | |a Antiquities | |
| 650 | 4 | |a Curiosités et merveilles Égypte | |
| 650 | 4 | |a Curiosities and wonders | |
| 650 | 4 | |a Curiosities and wonders Egypt | |
| 942 | |2 lcc |c BK | ||
| 999 | |c 58343 |d 58343 | ||
